000 01384nab a2200241 i 4500
001 768714001
003 CO-MdBIC
005 20260312163025.0
008 240521t1973 sp ||||| |||| 00| 0 spa d
040 _bspa
_cCO-MdFUSB
_dCO-MdFUSB
041 _aspa
100 _aManigne, Jean-Pierre,
_d1935-2021
_eautor
245 1 _aLenguaje y culto :
_bla poética de la fe en la liturgia
_c/ Jean Pierre Manigne ; traducido por María Dolores del Amo Guinovart
520 _aEste artículo estudia la liturgia como propulsora de una poética de la fe. Esto equivale a decir que abriremos la cuestión cultual a un horizonte más amplio: la expresividad de la fe, de la que la liturgia es una manifestación; pero, por otra parte, tendremos que señalar ciertas rupturas respecto a diversos lenguajes lindantes, que dan, evidentemente, vida y colorido a toda celebración, pero con los que no puede confundirse ninguna celebración creyente.
650 7 _aLiturgia
_9206
650 7 _aFe
_9531
650 7 _aIglesia
_9655
653 _aExpresión y experiencia de la fe en el culto
700 _aAmo Guinovart, María Dolores del,
_etraductor
773 0 _049450
_982662
_oR2572
_tRevista internacional de teología Concilium
_w(CO-MdFUSB)8
_x0210-1041
_gNúmero 82, (febrero, 1973), páginas: 204 - 214
_qpágina: 204
942 _cANA
945 _aCatherine Arias Alvarez - Practicante SENA
999 _c69803
_d69803